ბათუმის შოთა რუსთაველის სახელმწიფო უნივერსიტეტის ბიბლიოთეკა

ისტორია იწყება შუმერიდან / (ბიბ.ჩანაწერი № 56273)

000 -ლიდერი
ფიქსირებული სიგრძის საკონტროლო ველი 01095nam a2200253Ia 4500
001 - საკონტროლო ნომერი
საკონტროლო ველი 23384
003 - საკონტროლო ნომრის იდენტიფიკატორი
საკონტროლო ველი GE_BSU
005 - ბოლო ოპერაციის თარიღი და დრო
საკონტროლო ველი 20230622110206.0
008 - ფიქსირებული სიგრძის მონაცემთა ელემენტები - ზოგადი ინფორმაცია
ფიქსირებული სიგრძის საკონტროლო ველი 181216s1988ge xx |||||||||||||| ||geo||
040 ## - კატალოგიზაციის წყარო
Transcribing agency GE_BSU
041 ## - ენის კოდი
Language code of text/sound track or separate title geo
080 ## - უნივერსალური ათობითი კლასიფიკაციის ინდექსი
Universal Decimal Classification number 94(358) კ-81
100 ## - მთავარი ჩანაწერი - პიროვნების სახელი
Personal name კრამერი, ს.ნ.
9 (RLIN) 18884
245 ## - ცნობა სათაურის შესახებ
Title ისტორია იწყება შუმერიდან /
Statement of responsibility, etc ს.ნ. კრამერი, თარგმნა მ. სოხაძემ ; სპეც.რედ. ზ. კიკნაძე
250 ## - გამოცემის ცნობა
Edition statement I-ლი გამოცემა
264 ## - წარმოების, გამოცემის, დისტრიბუციის და სხვა ცნობები
გამოცემის, წარმოების, დისტრიბუციის... ადგილი თბილისი :
გამოცემის, წარმოების, დისტრიბუციის... სახელწოდება ნაკადული,
გამოცემის, წარმოების, დისტრიბუციის... თარიღი 1988.
300 ## - ფიზიკური აღწერა
Extent 271 გვ;
Other physical details 20 სმ.
653 ## - INDEX TERM--UNCONTROLLED
Uncontrolled term ისტორია
653 ## - INDEX TERM--UNCONTROLLED
Uncontrolled term ისტორია იწყება შუმერიდან
653 ## - INDEX TERM--UNCONTROLLED
Uncontrolled term შუმერების ისტორია;
700 ## - ADDED ENTRY--PERSONAL NAME
Personal name სოხაძე, მ
Relator term მთარგმნელი
9 (RLIN) 18885
700 ## - ADDED ENTRY--PERSONAL NAME
Personal name კიკნაძე, ზ
Relator term სპეციალური რედაქტორი
9 (RLIN) 8082
942 ## - ADDED ENTRY ELEMENTS (KOHA)
Koha item type წიგნი
Source of classification or shelving scheme
ეგზემპლარები
ჩამოწერის სტატუსი დაკარგული ეგზემპლარის სტატუსი კლასიფიკაციის წყარო ან თაროზე გაწყობის სქემა დაზიანების სტატუსი არ გაიცემა მუდმივი მდებარეობა (დაცვის ადგილი) ამჟამინდელი ადგილსამყოფელი თაროზე განთავსების ადგილი შეძენის თარიღი ღირებულება, შესყიდვის ნორმალური ფასი სრული შენახვის შიფრი შტრიხკოდი ბოლო ოპერაციის თარიღი ეგზემპლარის მიმდევრობითი ნომერი (კეტერი?) ფასის ძალაში შესვლის თარიღი ეგზემპლარის სახეობა საჯარო შენიშვნა Uniform Resource Identifier
          ბათუმის შოთა რუსთაველის სახელმწიფო უნივერსიტეტის მთავარი ბიბლიოთეკა ბათუმის შოთა რუსთაველის სახელმწიფო უნივერსიტეტის მთავარი ბიბლიოთეკა წიგნსაცავი 2018-12-17 3.00 94(358) კ-81 28298 2018-12-17 28298 2018-12-17 წიგნი 3ლ.20თ.  
          ბათუმის შოთა რუსთაველის სახელმწიფო უნივერსიტეტის მთავარი ბიბლიოთეკა ბათუმის შოთა რუსთაველის სახელმწიფო უნივერსიტეტის მთავარი ბიბლიოთეკა წიგნსაცავი 2023-06-22 5.00 94(358) კ-81 64778 2023-06-22 64778 2023-06-22 წიგნი 5.00 ბსუ-ს საპატიო დოქტორის გურამ ლორთქიფანიძის საჩუქარი